000 01360nam a2200337Ia 4500
001 ebr10726603
003 CaPaEBR
006 m o u
007 cr cn|||||||||
008 110609s2012 nyuab sb 001 0 eng d
010 _z 2011017306
020 _z9781613248379 (pbk.)
020 _z1613248377 (pbk.)
040 _aCaPaEBR
_cCaPaEBR
035 _a(OCoLC)850929249
050 1 4 _aTD195.M5
_bB56 2012eb
082 0 4 _a622.028/6
_223
100 1 _aBini, Claudio.
245 1 0 _aEnvironmental impact of abandoned mine waste
_h[electronic resource] :
_ba review /
_cClaudio Bini.
260 _aNew York :
_bNova Science Publishers,
_cc2012.
300 _a92 p. :
_bill., maps.
490 0 _aMining engineering-- research and technology
504 _aIncludes bibliographical references and index.
533 _aElectronic reproduction.
_bPalo Alto, Calif. :
_cebrary,
_d2013.
_nAvailable via World Wide Web.
_nAccess may be limited to ebrary affiliated libraries.
650 0 _aAbandoned mines
_xEnvironmental aspects.
650 0 _aMine soils
_xEnvironmental aspects.
650 0 _aAbandoned mined lands reclamation
_zItaly
_vCase studies.
655 7 _aElectronic books.
_2local
710 2 _aebrary, Inc.
856 4 0 _uhttp://site.ebrary.com/lib/rucke/Doc?id=10726603
_zAn electronic book accessible through the World Wide Web; click to view
999 _c38923
_d38923